| 000 | 00667nam a2200217 u 4500 | ||
|---|---|---|---|
| 999 |
_c7748 _d7748 |
||
| 001 | 991060992576706706 | ||
| 003 | OSt | ||
| 005 | 20230615180621.0 | ||
| 008 | s2021 xx r 000 0 cat d | ||
| 015 |
_2Biblioteca de Catalunya _aDL B10755-2023 |
||
| 020 | _a9788419676184 | ||
| 040 |
_aCDMR _bcat _cCDMR |
||
| 100 | 1 |
_aEspañol, Piti _93035 |
|
| 245 |
_aCom escriure diàlegs que funcionin per a cinema i televisió _b: guia pràctica _c/ Piti Español |
||
| 260 |
_aBarcelona _b: Laertes _c, 2023 |
||
| 300 | _a204 pàgines | ||
| 490 |
_aKaplan _v; 71 |
||
| 650 | 0 |
_9836 _aGuions cinematogràfics |
|
| 650 | 0 |
_93143 _aGuions televisius |
|
| 942 |
_2udc _cMON |
||